Ricettario industrialle (Record no. 52598)

MARC details
000 -LEADER
campo de control de longitud fija 00696nam a2200205 i 4500
001 - NÚMERO DE CONTROL
campo de control 52598
003 - IDENTIFICADOR DE NÚMERO DE CONTROL
campo de control ES-MaACL
005 - FECHA Y HORA DE LA ÚLTIMA TRANSACCIÓN
campo de control 20230906162616.0
007 - CAMPO FIJO DE DESCRIPCIÓN FÍSICA--INFORMACIÓN GENERAL
campo de control de longitud fija t|
008 - DATOS DE LONGITUD FIJA--INFORMACIÓN GENERAL
campo de control de longitud fija 030901s1921 it ||||1| ita d
100 1# - ENTRADA PRINCIPAL--NOMBRE DE PERSONA
Nombre de persona Ghersi, Italo.
9 (RLIN) 56562
245 10 - MENCIÓN DEL TÍTULO
Título Ricettario industrialle
Resto del título : moderna enciclopedia di arti e mestieri : 9790 procedimenti utili nelle grandi e piccole industrie nelle arti e nei mestieri /
Mención de responsabilidad, etc. Italo Ghersi.
250 ## - MENCION DE EDICION
Mención de edición 8ª. ed. rimodernata ed accresciuta.
260 ## - PUBLICACIÓN, DISTRIBUCIÓN, ETC.
Lugar de publicación, distribución, etc. Milano :
Nombre del editor, distribuidor, etc. U. Hoepli,
Fecha de publicación, distribución, etc. 1921 (
Fabricante Tip. Sociale)
300 ## - DESCRIPCIÓN FÍSICA
Extensión 1654 p. ;
Dimensiones 15 cm.
490 1# - MENCIÓN DE SERIE
Mención de serie Manuali Hoepli
830 0# - PUNTO DE ACCESO ADICIONAL DE SERIE-TÍTULO UNIFORME
Título uniforme Manuali Hoepli
9 (RLIN) 180782
852 ## - LOCALIZACIÓN
Ubicación ES-MaACL
Número de control de estantería F-13457
Holdings
Estatus retirado Estado de pérdida Estado de daño No para préstamo Colección Biblioteca de origen Biblioteca actual Ubicación en estantería Fecha de adquisición Fuente de adquisición Total de préstamos Signatura topográfica completa Código de barras Visto por última vez Precio de reemplazo Tipo de ítem Koha
        Colección de referencia Biblioteca del Ateneo de Madrid Biblioteca del Ateneo de Madrid Sala Pecera Planta 2 17/01/2008     F-13457 1055281 23/02/2023 23/02/2023 Libro impreso